|
|
|
|
| LEADER |
00887nam a22001934a 4500 |
| 008 |
150109n ii |||gr||||Z||||||eng |
| 020 |
|
|
|a 0-85226-557-3
|
| 082 |
|
|
|a S7 M
|a 001.539 MAT
|
| 100 |
|
|
|a MAthai A.M and Rathie P.N.
|
| 245 |
1 |
|
|a Basic Concepts in Information Theory and Statistics
|h Textual Documents
|
| 250 |
|
|
|a 1975.
|
| 260 |
|
|
|a India:
|b Wiley Eastern Limited,
|c 1975.
|
| 300 |
|
|
|a x;137p.:
|e 07130.
|
| 630 |
|
|
|a Information Theory, The Concept of Uncertainty,The Concept of Inaccuracy.
|
| 852 |
|
|
|t 1
|p STA07130
|b Text Books
|k 001.539 MAT
|f 00000
|c Shelf-1
|
| 942 |
|
|
|c BK
|
| 999 |
|
|
|c 220150
|d 220150
|
| 952 |
|
|
|0 0
|1 0
|4 0
|6 001_539000000000000_MAT
|7 0
|9 234293
|a STA
|b STA
|c Shelf-1
|d 2019-12-11
|l 0
|o 001.539 MAT
|p STA07130
|r 2019-12-11
|t 1
|w 2019-12-11
|y BK
|
| 952 |
|
|
|0 0
|1 0
|2 ddc
|4 0
|6 001_539000000000000_MAT_B
|7 0
|8 NFIC
|9 333448
|a DEM
|b DEM
|d 2020-11-18
|l 0
|o 001.539 MAT/B
|p DEM1415
|r 2020-11-18
|w 2020-11-18
|y BK
|